Pricing out the disadvantaged? The effect of tuition deregulation in Texas public four-year institutions (Record no. 105151)

000 -LEADER
fixed length control field 00526pab a2200169 454500
008 - FIXED-LENGTH DATA ELEMENTS--GENERAL INFORMATION
fixed length control field 180718b2014 xxu||||| |||| 00| 0 eng d
100 ## - MAIN ENTRY--PERSONAL NAME
Personal name Flores, Stella M.
245 ## - TITLE STATEMENT
Title Pricing out the disadvantaged? The effect of tuition deregulation in Texas public four-year institutions
260 ## - PUBLICATION, DISTRIBUTION, ETC.
Date of publication, distribution, etc. 2014
300 ## - PHYSICAL DESCRIPTION
Extent p.99-122.
362 ## - DATES OF PUBLICATION AND/OR SEQUENTIAL DESIGNATION
Dates of publication and/or sequential designation Sep
650 ## - SUBJECT ADDED ENTRY--TOPICAL TERM
Topical term or geographic name entry element Disadvantaged children
700 ## - ADDED ENTRY--PERSONAL NAME
Personal name Shepherd, Justin C.
773 ## - HOST ITEM ENTRY
Main entry heading Annals of the American Academy of Political and Social Science
908 ## - PUT COMMAND PARAMETER (RLIN)
Put command parameter N
909 ## -
-- 105156
Holdings
Withdrawn status Lost status Damaged status Not for loan Permanent Location Current Location Date acquired Serial Enumeration / chronology Barcode Date last seen Price effective from Koha item type
        Indian Institute of Public Administration Indian Institute of Public Administration 2018-07-19 Issue no: 655 AR105616 2018-07-19 2018-07-19 Articles

Powered by Koha